Statistics for 100 Countries with the highest GDP - Country Quiz

Click here to take the quiz!

General Stats

  • This quiz has been taken 24 times
  • The average score is 67 of 100

Answer Stats

HintAnswer% Correct
CChina
100%
GGermany
100%
JJapan
100%
SSweden
100%
UUSA
100%
AAustria
94%
FFrance
94%
IIndia
94%
IIndonesia
94%
IIran
94%
MMexico
94%
PPoland
94%
SSaudi Arabia
94%
TTurkey
94%
AArgentina
88%
BBrazil
88%
CCanada
88%
DDenmark
88%
FFinland
88%
IIreland
88%
IItaly
88%
NNorway
88%
RRussia
88%
SSouth Korea
88%
SSwitzerland
88%
UUK
88%
VVietnam
88%
EEgypt
81%
GGreece
81%
HHungary
81%
IIraq
81%
MMorocco
81%
NNetherlands
81%
NNigeria
81%
PPakistan
81%
PPhilippines
81%
PPortugal
81%
SSouth Africa
81%
TThailand
81%
UUAE
81%
AAlgeria
75%
AAustralia
75%
BBangladesh
75%
CChile
75%
CColombia
75%
MMalaysia
75%
QQatar
75%
RRomania
75%
SSingapore
75%
SSpain
75%
BBelgium
69%
EEcuador
69%
PPeru
69%
SSlovakia
69%
UUkraine
69%
UUzbekistan
69%
EEstonia
63%
EEthiopia
63%
IIsrael
63%
NNew Zealand
63%
OOman
63%
PPanama
63%
SSerbia
63%
BBelarus
56%
BBulgaria
56%
CCroatia
56%
CCzechia
56%
KKenya
56%
LLuxembourg
56%
NNepal
56%
SSlovenia
56%
TTanzania
56%
UUruguay
56%
AAzerbaijan
50%
BBolivia
50%
GGhana
50%
KKuwait
50%
LLatvia
50%
LLithuania
50%
SSudan
50%
UUganda
50%
AAngola
44%
BBahrain
44%
DDR
44%
HHonduras
44%
I / CIvory Coast
44%
M / BMyanmar
44%
TTunisia
44%
LLibya
38%
PPapua New Guinea
38%
PParaguay
38%
CCameroon
31%
DDRC
31%
GGuatemala
31%
SSri Lanka
31%
CCosta Rica
25%
EEl Salvador
25%
JJordan
25%
HHong Kong
6%
KKazakstan
0%

Score Distribution

Percentile by Number Answered

Percent of People with Each Score

Your Score History

You have not taken this quiz